TV Doctors Quiz Stats

 Plays Quiz Updated Dec 26, 2018

Support Sporcle.
Go Orange.
Score 0/27 Timer 07:00
0 Plays Today
Character Actor % Correct
Heathcliff HuxtableBill Cosby
85%
Doug RossGeorge Clooney
77.1%
Gregory HouseHugh Laurie
76.6%
Frasier CraneKelsey Grammer
68.2%
Doogie HowserNeil Patrick Harris
67.3%
Benjamin Franklin 'Hawkeye' PierceAlan Alda
57.6%
Drake RamorayMatt LeBlanc
50.9%
Izzie StevensKatherine Heigl
49.9%
Michaela QuinnJane Seymour
49.8%
John BeckerTed Danson
49.3%
Jack ShephardMatthew Fox
43.1%
Jason SeaverAlan Thicke
41.8%
Dana ScullyGillian Anderson
39.3%
Mark SloanDick Van Dyke
38.9%
Character Actor % Correct
Elliot ReidSarah Chalke
34.7%
Temperance 'Bones' BrennanEmily Deschanel
32.6%
Alan HarperJon Cryer
31.3%
Addison MontgomeryKate Walsh
25.6%
David BannerBill Bixby
24.9%
Sam BeckettScott Bakula
22.5%
Abigail BartletStockard Channing
20.7%
Phillip ChandlerDenzel Washington
18.2%
Leonard McCoy (Bones)DeForest Kelley
18.1%
Jeffrey GeigerMandy Patinkin
17.5%
Joel FleischmanRob Morrow
14.3%
Steven KileyJames Brolin
13.4%
Christian TroyJulian McMahon
12.7%

You're not logged in!

Compare scores with friends on all Sporcle quizzes.
OR
Log In
Forgot?

From the Vault

Fictional Books

by Detektor

Is there anything more novel than a book within a book?
Remove Ads.
Support Sporcle.
Get the best of Sporcle when you Go Orange. This ad-free experience offers more features, more stats, and more fun while also helping to support Sporcle. Thank you for becoming a member.

Show Comments

Extras

Top Quizzes Today


Score Distribution

Your Account Isn't Verified!

In order to create a playlist on Sporcle, you need to verify the email address you used during registration. Go to your Sporcle Settings to finish the process.

Report this User

Report this user for behavior that violates our Community Guidelines.

Details: